000
00324 a2200133 4500
000
nam a22 7a 4500
100
_a
Rajesh Kumar Yadav
110
_a
Rajesh Kumar Yadav
245
_a
Environmental Impact Assessment
250
_a
latest edition
260
_b
Oxford
_c
2026
264
_b
Oxford
_c
2026
942
_c
BK
999
_c
395758
_d
395758